Kraje najbliższe DR Kongowi z pustą mapą - Statystyki

Ogólne statystyki
  • Ten quiz został rozwiązany 458 razy
  • Średni wynik to 11 z 20
Odpowiedzi na mapie
Odpowiedzi zakodowano w zielono-czerwonej skali na mapie do tego quizu, zgodnie z poniższymi procentami.
 
Statystyki odpowiedzi
kraj % Poprawnych
Kongo
86%
Angola
76%
Kenia
69%
Sudan
69%
Zambia
65%
Republika Środkowoafrykańska
63%
Tanzania
63%
Uganda
61%
Sudan Południowy
59%
Gabon
57%
Rwanda
56%
Kamerun
52%
Namibia
51%
Czad
49%
Zimbabwe
49%
Mozambik
47%
Etiopia
44%
Burundi
43%
Botswana
42%
Malawi
41%
Nie znaleziono quizów pasujących do podanych kryteriów
Rozkład punktacji
Procent ludzi z każdym wynikiem
Percentyl według liczby udzielonych odpowiedzi
Twoja historia wyników
Nie rozwiązałeś tego quizu